Základy podnikání teoretické poznatky, příklady a zkušenosti českých podnikatelů
Salvato in:
| Autore principale: | |
|---|---|
| Altri autori: | |
| Natura: | Libro |
| Lingua: | ceco |
| Pubblicazione: |
Praha
Grada Publishing
2010
|
| Serie: | Expert
|
| Soggetti: | |
| Tags: |
Nessun Tag, puoi essere il primo ad aggiungerne!!
|
MARC
| LEADER | 00000nam a2200000 4500 | ||
|---|---|---|---|
| 001 | 0121766 | ||
| 005 | 20240314080239.6 | ||
| 020 | |a 978-80-247-3339-5 | ||
| 041 | 0 | |a cze | |
| 044 | |a CZ | ||
| 245 | 1 | 0 | |a Základy podnikání |b teoretické poznatky, příklady a zkušenosti českých podnikatelů |c Jitka Srpová, Václav Řehoř a kolektiv |
| 264 | 1 | |a Praha |b Grada Publishing |c 2010 | |
| 300 | |a 427 s. | ||
| 490 | 1 | |a Expert | |
| 830 | 0 | |a Expert | |
| 610 | 2 | 0 | |a podnikanie |
| 610 | 2 | 0 | |a podnikatelia |
| 610 | 2 | 0 | |a firmy |
| 610 | 2 | 0 | |a marketing |
| 610 | 2 | 0 | |a riadenie ľudských zdrojov |
| 610 | 2 | 0 | |a riadenie finančné |
| 610 | 2 | 0 | |a štúdie prípadové |
| 610 | 2 | 0 | |a Česko |
| 100 | 1 | |a Srpová, Jitka | |
| 700 | 1 | |a Řehoř, Václav | |